Widok standardowy
Widok MARC
Pozycja Personal Name
Liczba rekordów, w których użyto hasła: 1
001 - Numer kontrolny
- control field: 39837
003 - Identyfikator numeru kontrolnego
- control field: NUKAT
005 - Data i czas ostatniej modyfikacji
- control field: 20260410203807.0
008 - Dane kontrolne kodowane (40 znaków)
- fixed length control field: 970922n||a|znnaabn |a aaa |c
010 ## - Numer kontrolny Biblioteki Kongresu
- numer kontrolny LC: n 97064313
040 ## - Instytucja sporządzająca rekord
- inst. przygot. dane do rek. khw: WR U/ms
- język haseł przedmiotowych/tezaurus: kaba
- inst. wprow. rek. khw: WR U/ms
- inst. modyf. rek. khw: KR U/DPs
- inst. modyf. rek. khw: KIEL 008/JK
100 1# - Hasło - nazwa osobowa
- nazwa osobowa w formie ujednoliconej: Wiszniewski, Michał
- daty biograficzne: (1794-1865).
670 ## - Źródło informacji
- źródło informacji: EPop. - 1993
670 ## - Źródło informacji
- źródło informacji: Kp. Bacona metoda tłumaczenia natury / Michał Wiszniewski. - Warszawa, 1976.